“Gerne schryb ich weiter fort/ doch die Faust wil mir erkalten"
| Titel: | “Gerne schryb ich weiter fort/ doch die Faust wil mir erkalten" : Epigonalität und Originalität in der Gelegenheitsdichtung von Sibylla Schwarz / Tomasz Jabłecki |
|---|---|
| Verfasser: | |
| In: |
Daphnis, Band 44, Heft 1-2 (2016), Seite 155-170 alle Artikel anzeigen Überschreibungen/Überschreitungen, Band 44, Heft 1-2 (2016), Seite 155-170 alle Artikel anzeigen |
| Veröffentlicht: | 2016 |
| Format: | Aufsatz |
| Sprache: | Deutsch |
X
alg: 42844126
001A $03025:12-04-18
001B $06050:18-01-19 $t16:28:14.000
001C $03025:12-04-18 $t13:08:47.000
001D $03025:12-04-18
001U $0utf8
001X $00
002@ $0Oou
002C $aText $btxt $2rdacontent
002D $aComputermedien $bc $2rdamedia
002E $aOnline-Ressource $bcr $2rdacarrier
003@ $0428441262
004P $010.1163/18796583-04401009
007A $0428441262 $aHEB
010@ $ager
010E $erda
011@ $a2016
021A $a“Gerne schryb ich weiter fort/ doch die Faust wil mir erkalten" $dEpigonalität und Originalität in der Gelegenheitsdichtung von Sibylla Schwarz $hTomasz Jabłecki
028A $BVerfasser $4aut $7138761345 $8Jabłecki, Tomasz$Z1975- [Tp3] $9214209008
031A $d44 $e1-2 $h155-170 $j2016
037A $aEnglische Zusammenfassung, Seite 155
039B $aEnthalten in $8--Obvc--. Daphnis. - Leiden {[u.a.] : Brill Rodopi, 1978-. - Online-Ressource. - ISSN 1879-6583 $x201600000440001845 $9079276997
039B $aEnthalten in $8--Aau--. Überschreibungen/Überschreitungen. - Leiden : Brill Rodopi, 2016. - 252 Seiten. - Illustrationen $9386848424
044K $#Schwarz, Sybilla $#Schwarz, Sibylla $#Schwarz, Sybille $#Schwarzin, Sibylle $#Schwartz, Sibylla $#Schwartz, Sibilla $#Schwartze, Sibylla $#Schwartze, Sibilla $#Schwartzen, Sibylla $#Schwartzen, Sibilla $#Schwartenus, Sibylla $#Schwartenus, Sibilla $7118762974 $8Schwarz, Sibylle$Z1621-1638 [Tp1] $9087103656
044K $RLiteratur $RGelegenheitsschrift $#Occasional verse $#Poésie de circonstance $#Kasualdichtung $#Casualdichtung $74128812-9 $8Gelegenheitsdichtung [Ts1] $9085448656
045T $a7,20
045T $aAVL $qDE-30 $2FID
045T $aGER $qDE-30 $2FID
lok: 42844126 78
exp: 42844126 78 1 #EPN
201B/01 $012-04-18 $t13:08:17.000
201C/01 $012-04-18
201U/01 $0utf8
203@/01 $01021031526
208@/01 $a12-04-18 $be
209A/01 $a/ $f000 $x00
209A/01 $ab*p $x01
220C/01 $apgar
244Z/01 $#Pommern $#Pommern $#Herzogtum Pommern $#Herzogthum Pommern $#Provinz Pommern $#Pomorze $74046744-2 $8--Tg1--Pommern $x01 $9085130354
247C/01 $82080>Marburg/Lahn, Herder-Institut, Forschungsbibliothek, Bibliographieportal $9336309341
| LEADER | 00000caa a2200000 c 4500 | ||
|---|---|---|---|
| 001 | 428441262 | ||
| 003 | DE-603 | ||
| 005 | 20190118162814.0 | ||
| 007 | cr|||||||||||| | ||
| 008 | 180412s2016 xx |||| o| u00||u|ger c | ||
| 024 | 7 | |a 10.1163/18796583-04401009 |2 doi | |
| 035 | |a (DE-599)HEB428441262 | ||
| 040 | |a DE-603 |b ger |c DE-603 |d DE-603 |e rda | ||
| 041 | |a ger | ||
| 084 | |a 7,20 |2 ssgn | ||
| 084 | |a AVL |q DE-30 |2 fid | ||
| 084 | |a GER |q DE-30 |2 fid | ||
| 100 | 1 | |a Jabłecki, Tomasz |d 1975- |e Verfasser |4 aut |0 (DE-603)214209008 |0 (DE-588)138761345 |2 gnd | |
| 245 | 0 | 0 | |a “Gerne schryb ich weiter fort/ doch die Faust wil mir erkalten" |b Epigonalität und Originalität in der Gelegenheitsdichtung von Sibylla Schwarz |c Tomasz Jabłecki |
| 264 | 0 | |c 2016 | |
| 336 | |a Text |b txt |2 rdacontent | ||
| 337 | |a Computermedien |b c |2 rdamedia | ||
| 338 | |a Online-Ressource |b cr |2 rdacarrier | ||
| 500 | |a Englische Zusammenfassung, Seite 155 | ||
| 600 | 1 | 7 | |a Schwarz, Sibylle |d 1621-1638 |0 (DE-588)118762974 |0 (DE-603)087103656 |2 gnd |
| 650 | 7 | |a Gelegenheitsdichtung |0 (DE-588)4128812-9 |0 (DE-603)085448656 |2 gnd | |
| 773 | 0 | 8 | |i Enthalten in |t Daphnis |d Leiden [u.a.] : Brill Rodopi, 1978- |h Online-Ressource |x 1879-6583 |g Band 44, Heft 1-2 (2016), Seite 155-170 |w (DE-603)079276997 |w (DE-600)1481780-9 |
| 773 | 0 | 8 | |i Enthalten in |t Überschreibungen/Überschreitungen |d Leiden : Brill Rodopi, 2016 |h 252 Seiten, Illustrationen |g Band 44, Heft 1-2 (2016), Seite 155-170 |w (DE-603)386848424 |
| 924 | 1 | |9 2080 |a (DE-603)1021031526 |b DE-2080 |c HES |d d |g / | |


